000 00443nam a2200205Ia 4500
001 11965
003 GE_BSU
008 181216s||||||||xx |||||||||||||| ||und||
020 _a0140015355
040 _cGE_BSU
080 _a821.111-32
100 _aDickens,Monica
245 _aOne Pair of Hands
260 _aLondon
260 _bPenguin Books.
260 _c1961.
300 _a220p;18cm.
653 _aOne Pair of Hands
942 _cBK
999 _c45142
_d45142